| 000 | 02027nam0a22003371 4500 | ||
|---|---|---|---|
| 001 | RU\NLR\A1\1413 | ||
| 005 | 20260407103850.0 | ||
| 035 | _a(NLR Aleph) 009671567 | ||
| 090 |
_a9663724 _c9663724 |
||
| 100 | _a19961126d1798 m y0rusy50 ca | ||
| 101 | 0 | _arus | |
| 102 | _aRU | ||
| 140 | _ay a ezz yaa0000 | ||
| 200 | 1 | _aИзображение всех статских мундиров для всех губерний. | |
| 210 |
_aМосква _cв Университетской типографии, у Хр.Ридигера и Хр.Клаудия _d1798 |
||
| 215 |
_a11, [1] с., [40] л. ил. _d8° |
||
| 300 | _aЦенз.: Моск. ценз. | ||
| 316 |
_aЭкз. РНБ (20.47.7.39) с раскраш. от руки ил. В составном картонном пер., обтянутом "мраморной" бумагой, с красными кожаными корешком и уголками. Корешок гладкий, с золотым тиснением и загл.: "Изображение статских мундиров". Наклейка с шифром РНБ на ниж. крышке пер. Обрез крапчатый синий. На форзаце ярлык с шифром РНБ и бумаж. наклейка-ярлык с номером: "274". На тит. л. надпись: "Ис книг M.S. 1826 майя 13 №" _5NLR: 20.47.7.39 |
||
| 321 | 1 | _aСК XVIII 2457 | |
| 321 | 1 | _aСК XVIII. Т.3. С.487 | |
| 620 | _dМосква | ||
| 702 | 1 |
_4610 _7ca _8rus _aРидигер _bХ. _gХристиан _9232514 _3RU\NLR\AUTH\770232570 |
|
| 702 | 1 |
_4610 _7ca _8rus _aКлаудий _bХ.А. _f-1805 _gХристофор Александрович _9232381 _3RU\NLR\AUTH\770232437 |
|
| 712 | 0 | 2 |
_4610 _aМосковский университет _bТипография _3RU\NLR\AUTH\889932963 _9361140 |
| 801 | 0 |
_aRU _bNLR _c19961126 |
|
| 852 |
_aNLR _j20.47.7.39 |
||
| 852 |
_aNLR _jМф К1/31011 |
||
| 942 | _cBOOK | ||
| 980 | _aNB | ||
| 980 | _aA1XVIIIv | ||